Muslims, Christians, and Jesus : (Record no. 125131)
[ view plain ]
| 000 -LEADER | |
|---|---|
| fixed length control field | 01719cam a22003014a 4500 |
| 001 - CONTROL NUMBER | |
| control field | 15345086 |
| 003 - CONTROL NUMBER IDENTIFIER | |
| control field | ARRUPE |
| 005 - DATE AND TIME OF LATEST TRANSACTION | |
| control field | 20160909111515.0 |
| 008 - FIXED-LENGTH DATA ELEMENTS--GENERAL INFORMATION | |
| fixed length control field | 080626s2008 mnu 000 0 eng |
| 010 ## - LIBRARY OF CONGRESS CONTROL NUMBER | |
| LC control number | 2008028254 |
| 020 ## - INTERNATIONAL STANDARD BOOK NUMBER | |
| International Standard Book Number | 9780764205675 (pbk. : alk. paper) |
| 040 ## - CATALOGING SOURCE | |
| Original cataloging agency | DLC |
| Transcribing agency | DLC |
| Modifying agency | DLC |
| 050 00 - LIBRARY OF CONGRESS CALL NUMBER | |
| Classification number | BP172 |
| Item number | .M394 2008 |
| 082 00 - DEWEY DECIMAL CLASSIFICATION NUMBER | |
| Classification number | 261.2/7 |
| Edition number | 22 |
| 300 ## - PHYSICAL DESCRIPTION | |
| Dimensions | 21 cm. |
| 100 1# - MAIN ENTRY--PERSONAL NAME | |
| Personal name | Medearis, Carl. |
| 9 (RLIN) | 25454 |
| 245 10 - TITLE STATEMENT | |
| Title | Muslims, Christians, and Jesus : |
| Remainder of title | gaining understandings and building relationships / |
| Statement of responsibility, etc | Carl Medearis. |
| 260 ## - PUBLICATION, DISTRIBUTION, ETC. (IMPRINT) | |
| Place of publication, distribution, etc | Minneapolis, Minn. : |
| Name of publisher, distributor, etc | Bethany House, |
| Date of publication, distribution, etc | c2008. |
| 300 ## - PHYSICAL DESCRIPTION | |
| Extent | 192 p. |
| 505 0# - FORMATTED CONTENTS NOTE | |
| Formatted contents note | Introduction -- Before the pillars: the foundations of Islam -- The teachings of Islam: the articles and pillars of faith -- Islam's holy book: the words of God -- Women and Islam: protecting the purity of women -- Common questions: a knowledgeable response -- Jesus meets jihad: overcoming fear with love -- Standing on the bridge: Muslims who follow Jesus -- Love your neighbor: practical ways to reach out to Muslims -- Appendix: statistics and glossary of terms. |
| 520 ## - SUMMARY, ETC. | |
| Summary, etc | "A guide to gaining understanding and building connections between the world's two largest religions, written from the perspective of a Christian who has lived and worked in Islamic countries"--Provided by publisher. |
| 650 #0 - SUBJECT ADDED ENTRY--TOPICAL TERM | |
| Topical term or geographic name as entry element | Christianity and other religions |
| General subdivision | Islam. |
| 9 (RLIN) | 25455 |
| 650 #0 - SUBJECT ADDED ENTRY--TOPICAL TERM | |
| Topical term or geographic name as entry element | Islam |
| General subdivision | Relations |
| -- | Christianity. |
| 9 (RLIN) | 25456 |
| 650 #0 - SUBJECT ADDED ENTRY--TOPICAL TERM | |
| Topical term or geographic name as entry element | Islam |
| General subdivision | Doctrines. |
| 9 (RLIN) | 4863 |
| 906 ## - LOCAL DATA ELEMENT F, LDF (RLIN) | |
| a | 7 |
| b | cbc |
| c | orignew |
| d | 1 |
| e | ecip |
| f | 20 |
| g | y-gencatlg |
| 942 ## - ADDED ENTRY ELEMENTS (KOHA) | |
| Source of classification or shelving scheme | Library of Congress Classification |
| Koha item type | Monograph ( Printed materials) |
| Withdrawn status | Lost status | Source of classification or shelving scheme | Damaged status | Not for loan | Collection code | Home library | Current library | Shelving location | Date acquired | Total Checkouts | Full call number | Barcode | Date last seen | Date checked out | Price effective from | Koha item type |
|---|---|---|---|---|---|---|---|---|---|---|---|---|---|---|---|---|
| Library of Congress Classification | Main Collection | ARRUPE LIBRARY | ARRUPE LIBRARY | Main Collection | 24/08/2016 | 1 | BP172 .M394 2008 | 46500010257 | 31/10/2017 | 27/10/2017 | 24/08/2016 | Monograph ( Printed materials) |